|
|
|
|
| LEADER |
00000naa2a2200000 4500 |
| 001 |
635245 |
| 005 |
20231101133843.0 |
| 035 |
|
|
|a (RuTPU)RU\TPU\conf\37091
|
| 035 |
|
|
|a RU\TPU\conf\37084
|
| 090 |
|
|
|a 635245
|
| 100 |
|
|
|a 20221213d2022 k y0rusy50 ba
|
| 101 |
0 |
|
|a eng
|
| 102 |
|
|
|a RU
|
| 105 |
|
|
|a y z 101zy
|
| 135 |
|
|
|a drcn ---uucaa
|
| 181 |
|
0 |
|a i
|
| 182 |
|
0 |
|a b
|
| 200 |
1 |
|
|a Organising A Student's Language Club
|f М. Д. Черезов, М. П. Демьяненко
|g науч. рук. Н. В. Аксёнова
|
| 203 |
|
|
|a Текст
|c электронный
|
| 230 |
|
|
|a 1 компьютерный файл (pdf; 750 Kb)
|
| 300 |
|
|
|a Заглавие с экрана
|
| 320 |
|
|
|a [Библиогр.: с. 67 (3 назв.)]
|
| 330 |
|
|
|a This article is dedicated to organisational and educational aspects of hosting an English club at a university. The material for the work was gathered during sessions of such a club at Tomsk Polytechnic University. This study resulted in listing some of the meeting formats and practical recommendations.
|
| 463 |
|
0 |
|0 (RuTPU)RU\TPU\conf\37056
|t Лингвистические и культурологические аспекты современного инженерного образования
|o сборник материалов III Международной научно-практической конференции, Томск, 10-12 ноября 2022 г.
|f Национальный исследовательский Томский политехнический университет (ТПУ); гл. ред. Ю. В. Кобенко
|v [С. 63-67]
|d 2022
|
| 610 |
1 |
|
|a электронный ресурс
|
| 610 |
1 |
|
|a труды учёных ТПУ
|
| 610 |
1 |
|
|a English language
|
| 610 |
1 |
|
|a language club
|
| 610 |
1 |
|
|a students union
|
| 610 |
1 |
|
|a education
|
| 610 |
1 |
|
|a teaching
|
| 610 |
1 |
|
|a communication
|
| 610 |
1 |
|
|a английский язык
|
| 610 |
1 |
|
|a образование
|
| 610 |
1 |
|
|a обучение
|
| 610 |
1 |
|
|a коммуникации
|
| 610 |
1 |
|
|a студенческие клубы
|
| 700 |
|
1 |
|a Черезов
|b М. Д.
|
| 701 |
|
1 |
|a Демьяненко
|b М. П.
|
| 702 |
|
1 |
|a Аксёнова
|b Н. В.
|c лингвист
|c доцент Томского политехнического университета, кандидат филологических наук
|f 1979-
|g Наталия Валерьевна
|2 stltpush
|4 727
|
| 712 |
0 |
2 |
|a Национальный исследовательский Томский политехнический университет
|b Школа базовой инженерной подготовки
|b Отделение иностранных языков
|h 8029
|2 stltpush
|3 (RuTPU)RU\TPU\col\23510
|
| 801 |
|
2 |
|a RU
|b 63413507
|c 20221222
|g RCR
|
| 856 |
4 |
|
|u http://earchive.tpu.ru/handle/11683/74215
|
| 942 |
|
|
|c BK
|